[Event "CYCC U14"]
[Site "Regina CAN"]
[Date "2019.07.09"]
[Round "5.111"]
[White "Yang, Henry"]
[Black "Yoker, Callum"]
[Result "1-0"]
[WhiteElo "1560"]
[BlackElo "1344"]
[PlyCount "57"]
[EventDate "2019.07.07"]
[EventType "swiss"]
[EventRounds "7"]
[EventCountry "CAN"]

1. d4 Nf6 2. c4 g6 3. Nc3 d5 4. cxd5 Nxd5 5. e4 Nxc3 6. bxc3 Bg7 7. Nf3 O-O 8.
Be3 c5 9. Be2 Nc6 10. O-O Bg4 11. d5 Ne5 12. Rc1 Qc7 13. Nxe5 Bxe2 14. Qxe2
Bxe5 15. f4 Bg7 16. c4 Rfd8 17. h4 e6 18. h5 Qe7 19. hxg6 hxg6 20. dxe6 fxe6
21. Qg4 Rd3 22. Rf3 Rad8 23. Qxg6 R8d6 24. e5 Rd8 25. Rh3 b6 26. Kf2 Qd7 27.
Rch1 Rd2+ 28. Kg3 Kf8 29. Rh8+ 1-0

[Event "CYCC U14"]
[Site "Regina CAN"]
[Date "2019.07.09"]
[Round "5.112"]
[White "Roberts, Rajan"]
[Black "Imoo, Joshua"]
[Result "0-1"]
[WhiteElo "918"]
[BlackElo "1552"]
[PlyCount "80"]
[EventDate "2019.07.07"]
[EventType "swiss"]
[EventRounds "7"]
[EventCountry "CAN"]

1. d4 d5 2. Nf3 Nf6 3. e3 c5 4. c4 e6 5. Be2 Nc6 6. Nbd2 cxd4 7. cxd5 dxe3 8.
dxc6 exd2+ 9. Qxd2 Qxd2+ 10. Bxd2 bxc6 11. Ne5 Bb7 12. Bf3 Nd5 13. Rc1 Rc8 14.
Rc2 Bd6 15. Ng4 O-O 16. Ne3 Bf4 17. Nxd5 Bxd2+ 18. Kxd2 cxd5 19. Rhc1 Rxc2+ 20.
Rxc2 Rc8 21. Rxc8+ Bxc8 22. Ke3 f6 23. Kd4 Kf7 24. a4 Ba6 25. b4 Bc4 26. Bd1
Ke7 27. Bc2 h6 28. a5 Kd6 29. Ba4 a6 30. Be8 Bf1 31. g3 e5+ 32. Ke3 d4+ 33. Kd2
g5 34. Ba4 f5 35. b5 Bxb5 36. Bxb5 axb5 37. a6 Kc6 38. a7 Kb7 39. a8=Q+ Kxa8
40. Kd3 Kb7 0-1

[Event "CYCC U14"]
[Site "Regina CAN"]
[Date "2019.07.09"]
[Round "5.113"]
[White "Taylor, Joey"]
[Black "Qiu, Peter Yong"]
[Result "0-1"]
[WhiteElo "995"]
[BlackElo "1421"]
[PlyCount "42"]
[EventDate "2019.07.07"]
[EventType "swiss"]
[EventRounds "7"]
[EventCountry "CAN"]

1. e4 e5 2. Nf3 Nc6 3. g3 Nf6 4. d3 Bc5 5. Nc3 Ng4 6. Qe2 Bxf2+ 7. Kd1 Bb6 8.
Ng5 Nf2+ 9. Ke1 Nxh1 10. Qh5 Qf6 11. Nd1 h6 12. Bh3 g6 13. Qh4 hxg5 14. Bxg5
Rxh4 15. Bxf6 Rxh3 16. Nf2 Rxh2 17. Kf1 Rxf2+ 18. Kg1 Nxg3 19. d4 Bxd4 20. c3
Bc5 21. Bh4 Rxb2# 0-1

[Event "CYCC U14"]
[Site "Regina CAN"]
[Date "2019.07.09"]
[Round "6.101"]
[White "Zhao, Ian"]
[Black "Wu, Tony"]
[Result "1/2-1/2"]
[WhiteElo "2343"]
[BlackElo "2013"]
[PlyCount "94"]
[EventDate "2019.07.07"]
[EventType "swiss"]
[EventRounds "7"]
[EventCountry "CAN"]

1. e4 c5 2. Nf3 d6 3. d4 cxd4 4. Nxd4 Nf6 5. Nc3 g6 6. Be3 Bg7 7. f3 O-O 8. Qd2
Nc6 9. O-O-O d5 10. Qe1 e5 11. Nxc6 bxc6 12. exd5 Nxd5 13. Bc4 Be6 14. Kb1
Nxc3+ 15. Qxc3 Qe7 16. Bxe6 Qxe6 17. Bc5 Rfb8 18. Rhe1 Rd8 19. Qb3 Qxb3 20.
axb3 a6 21. c3 f6 22. Kc2 Kf7 23. Bb6 Rxd1 24. Rxd1 Ke6 25. Bc5 Bf8 26. Bxf8
Rxf8 27. Ra1 Ra8 28. b4 Kd6 29. c4 f5 30. Kc3 Kc7 31. Ra5 Kd6 32. Kd3 Rb8 33.
Kc3 Ra8 34. Kb3 e4 35. fxe4 fxe4 36. b5 e3 37. bxa6 e2 38. Ra1 Re8 39. Re1 Kc5
40. a7 Ra8 41. Rxe2 Rxa7 42. Kc3 Ra1 43. b3 Rc1+ 44. Rc2 Rb1 45. Re2 Rc1+ 46.
Kb2 Rh1 47. Kc3 Rc1+ 1/2-1/2

[Event "CYCC U14"]
[Site "Regina CAN"]
[Date "2019.07.09"]
[Round "6.102"]
[White "Tanaka, Tyler"]
[Black "Huang, Patrick"]
[Result "0-1"]
[WhiteElo "2235"]
[BlackElo "2234"]
[PlyCount "120"]
[EventDate "2019.07.07"]
[EventType "swiss"]
[EventRounds "7"]
[EventCountry "CAN"]

1. e4 g6 2. d4 Bg7 3. Nc3 c6 4. Be3 Qb6 5. Rb1 d6 6. Nf3 Nf6 7. h3 Qa5 8. Qd2
O-O 9. a4 e5 10. g3 Nbd7 11. b4 Qc7 12. Bg2 b6 13. O-O Bb7 14. g4 d5 15. exd5
Nxd5 16. Nxd5 cxd5 17. dxe5 Nxe5 18. Nxe5 Bxe5 19. f4 Bc3 20. Qd3 Rfe8 21. f5
Re4 22. Bd2 Rc4 23. Bf4 Rxf4 24. Rxf4 Qxf4 25. Qxc3 d4 26. Qd3 Bxg2 27. Kxg2
Re8 28. Rf1 Qe5 29. Qf3 Rc8 30. Rf2 Rc3 31. Re2 Re3 32. Rxe3 dxe3 33. Kf1 Qd4
34. Qa8+ Kg7 35. Qf3 Qc4+ 36. Kg1 Qd4 37. Kf1 g5 38. Ke2 Qd2+ 39. Kf1 Qc1+ 40.
Ke2 Qxc2+ 41. Kxe3 Qxa4 42. Qe4 Qb3+ 43. Kf2 Qb2+ 44. Kf3 a5 45. Qe3 h6 46.
Qxb6 axb4 47. Kg3 Qc3+ 48. Kg2 b3 49. f6+ Kg6 50. Qb8 Qc2+ 51. Kg3 b2 52. Qh8
Qc3+ 53. Kg2 Qc6+ 54. Kg3 Qxf6 55. Qg8+ Qg7 56. Qb8 Qc3+ 57. Kg2 Qc2+ 58. Kg3
Qd3+ 59. Kg2 Qe4+ 60. Kg3 Qf4+ 0-1

[Event "CYCC U14"]
[Site "Regina CAN"]
[Date "2019.07.09"]
[Round "6.103"]
[White "Doknjas, Neil"]
[Black "Issani, Nameer"]
[Result "0-1"]
[WhiteElo "2102"]
[BlackElo "2248"]
[PlyCount "58"]
[EventDate "2019.07.07"]
[EventType "swiss"]
[EventRounds "7"]
[EventCountry "CAN"]

1. e4 e5 2. Nf3 Nc6 3. d4 exd4 4. Nxd4 Nf6 5. Nxc6 bxc6 6. Bd3 d5 7. Qe2 dxe4
8. Nc3 Bb4 9. Bxe4 O-O 10. Bxc6 Rb8 11. O-O Bxc3 12. bxc3 Qd6 13. Bb5 Ng4 14.
g3 Qg6 15. Bd3 Qh5 16. h4 Bb7 17. c4 Rbe8 18. Qd1 f5 19. Rb1 Ba8 20. c3 f4 21.
Rb5 c5 22. Rxc5 Qxc5 23. Qxg4 fxg3 24. Qxg3 Rf3 25. Qg4 Rxd3 26. Kh2 Qc7+ 27.
Bf4 Re4 28. Bxc7 Rxg4 29. Rb1 Rxh4+ 0-1

[Event "CYCC U14"]
[Site "Regina CAN"]
[Date "2019.07.09"]
[Round "6.104"]
[White "Gao, Raymond"]
[Black "Noorali, Aahil"]
[Result "1-0"]
[WhiteElo "1994"]
[BlackElo "2078"]
[PlyCount "107"]
[EventDate "2019.07.07"]
[EventType "swiss"]
[EventRounds "7"]
[EventCountry "CAN"]

1. e4 e5 2. Nf3 Nc6 3. d4 exd4 4. Bc4 Bc5 5. c3 Nf6 6. e5 d5 7. Bb5 Ne4 8. cxd4
Bb4+ 9. Bd2 Nxd2 10. Nbxd2 O-O 11. O-O Bd7 12. Bxc6 bxc6 13. Nb3 Rb8 14. Ne1 f6
15. a3 Bxe1 16. Rxe1 fxe5 17. dxe5 Qh4 18. Re2 Qc4 19. Na5 Qb5 20. b4 Bg4 21.
f3 Qb6+ 22. Rf2 Rbe8 23. Rc1 Bd7 24. Rc5 Rxe5 25. Nc4 dxc4 26. Rxe5 Bf5 27. Rc5
Bd3 28. Qe1 Qb8 29. Qe6+ Kh8 30. Qxc6 Qd8 31. Qxc7 Qd4 32. Qe5 Qd8 33. Rc7 Rf6
34. Re7 Bg6 35. Rxa7 h6 36. b5 Bf7 37. g3 Re6 38. Qc7 Qd1+ 39. Kg2 Re2 40. Qxf7
Rxf2+ 41. Kxf2 Qd2+ 42. Kf1 Qd1+ 43. Kg2 Qe2+ 44. Kh3 Qf1+ 45. Kg4 Qa1 46.
Qxg7+ Qxg7+ 47. Rxg7 Kxg7 48. Kf4 Kf6 49. b6 c3 50. Ke3 c2 51. Kd2 Kg5 52. b7
Kh5 53. b8=Q c1=Q+ 54. Kxc1 1-0

[Event "CYCC U14"]
[Site "Regina CAN"]
[Date "2019.07.09"]
[Round "6.105"]
[White "Wang, Paul"]
[Black "Landstrom, William"]
[Result "1/2-1/2"]
[WhiteElo "2104"]
[BlackElo "1676"]
[PlyCount "126"]
[EventDate "2019.07.07"]
[EventType "swiss"]
[EventRounds "7"]
[EventCountry "CAN"]

1. e4 d6 2. d4 Nf6 3. Nc3 e5 4. Nf3 Nbd7 5. dxe5 dxe5 6. Bc4 Be7 7. Be3 c6 8.
h3 Qc7 9. O-O O-O 10. a3 b5 11. Ba2 a5 12. Re1 Nc5 13. Bg5 Ne6 14. Bh4 Nf4 15.
Ne2 Ng6 16. Ng3 Nxh4 17. Nxh4 g6 18. Nf3 h6 19. Qd2 Kh7 20. Qc3 Nd7 21. Bb3 Bf6
22. Rad1 Nb6 23. Qc5 Bb7 24. Nf1 Rad8 25. Ne3 Bg7 26. Nd5 Nxd5 27. exd5 f6 28.
a4 Qd6 29. Qb6 Rb8 30. dxc6 Qxc6 31. Qxb5 Qxb5 32. axb5 Bxf3 33. gxf3 Rxb5 34.
Rd7 Rfb8 35. Red1 R5b7 36. R7d3 Ra7 37. Ra1 Rb5 38. Rd8 g5 39. Bg8+ Kg6 40. b3
Rc5 41. Bc4 h5 42. Bd3+ Kh6 43. b4 Rcc7 44. bxa5 Rcb7 45. Rd6 Rb8 46. a6 Bh8
47. c4 Kg7 48. c5 Kf8 49. c6 Ke8 50. Bg6+ Ke7 51. Rd7+ Rxd7 52. cxd7 f5 53.
Bxf5 e4 54. a7 Ra8 55. Bxe4 Bxa1 56. Bxa8 Bd4 57. Bc6 Bxa7 58. Kg2 h4 59. Kf1
Bb8 60. Ke2 Bf4 61. Kd3 Kd8 62. Ke4 Bc1 63. Kf5 Bf4 1/2-1/2

[Event "CYCC U14"]
[Site "Regina CAN"]
[Date "2019.07.09"]
[Round "6.106"]
[White "Windram, James"]
[Black "Chakkoli, Anirud"]
[Result "1-0"]
[WhiteElo "2100"]
[BlackElo "1726"]
[PlyCount "187"]
[EventDate "2019.07.07"]
[EventType "swiss"]
[EventRounds "7"]
[EventCountry "CAN"]

1. e4 c5 2. Nf3 d6 3. d4 cxd4 4. Nxd4 Nf6 5. f3 e6 6. c4 Nc6 7. Nc3 e5 8. Nc2
Be6 9. Be3 Be7 10. Be2 a6 11. O-O O-O 12. b3 Ne8 13. Nd5 Bxd5 14. Qxd5 Nc7 15.
Qd2 Ne6 16. Qd5 Nc7 17. Qd1 Ne6 18. Bf2 Nf4 19. b4 Re8 20. b5 Nb8 21. Nb4 axb5
22. cxb5 Bh4 23. Nd5 Nxe2+ 24. Qxe2 Bxf2+ 25. Rxf2 Nd7 26. Rd1 Nc5 27. Qb2 Ne6
28. Rc2 Qa5 29. b6 Red8 30. Nc7 Rac8 31. Rdc1 Nc5 32. Nd5 Kf8 33. Qb4 Ra8 34.
Qd2 Qxd2 35. Rxd2 Ra5 36. Ne3 g6 37. Nc4 Rb5 38. Rxd6 Rxd6 39. Nxd6 Rxb6 40.
Nxf7 Nxe4 41. Nxe5 Nf6 42. Rc2 Ke7 43. Kf2 Ke6 44. Nd3 Nd5 45. Nc5+ Kd6 46.
Ne4+ Ke5 47. Nd2 Kd4 48. Nb3+ Kd3 49. Rd2+ Kc4 50. Rd4+ Kc3 51. Rxd5 Ra6 52.
Rd2 Ra3 53. Re2 h5 54. g4 h4 55. h3 g5 56. Nc5 b5 57. Re3+ Kb4 58. Na6+ Rxa6
59. Re2 Kc3 60. Ke1 Kd3 61. Rb2 Ke3 62. Rb3+ Kf4 63. Rxb5 Kxf3 64. Rb3+ Ke4 65.
a3 Ra5 66. Ke2 Kf4 67. Rf3+ Ke4 68. Rb3 Kd4 69. Kd2 Kc4 70. Kc2 Kd4 71. Kb2 Kc4
72. Rf3 Kd4 73. Kb3 Ke4 74. Rc3 Kd4 75. Kb4 Ra6 76. Rf3 Rb6+ 77. Ka5 Rb2 78.
Ka4 Rh2 79. Rb3 Rc2 80. Kb4 Rc4+ 81. Kb5 Rc5+ 82. Kb6 Re5 83. a4 Re6+ 84. Kb5
Re5+ 85. Kb4 Re7 86. a5 Rb7+ 87. Ka4 Ra7 88. Rb5 Rg7 89. Rf5 Kc4 90. Rb5 Rg6
91. Rb6 Rg7 92. a6 Ra7 93. Ka5 Kc5 94. Rb5+ 1-0

[Event "CYCC U14"]
[Site "Regina CAN"]
[Date "2019.07.09"]
[Round "6.107"]
[White "Xiang, Christopher"]
[Black "Ouellette, Alex"]
[Result "1-0"]
[WhiteElo "1732"]
[BlackElo "1333"]
[PlyCount "93"]
[EventDate "2019.07.07"]
[EventType "swiss"]
[EventRounds "7"]
[EventCountry "CAN"]

1. e4 c5 2. Nf3 d6 3. d4 cxd4 4. Nxd4 Nf6 5. Nc3 a6 6. Bc4 e6 7. Bb3 Nc6 8. O-O
Be7 9. Kh1 O-O 10. f4 Qc7 11. f5 e5 12. Nde2 b5 13. Bg5 b4 14. Bxf6 Bxf6 15.
Nd5 Qd8 16. Ng3 Bb7 17. Nh5 Nd4 18. Nhxf6+ gxf6 19. c3 Nxb3 20. axb3 Bxd5 21.
Qxd5 a5 22. Ra4 bxc3 23. bxc3 Qb6 24. b4 Qe3 25. Rxa5 Rxa5 26. bxa5 Qxc3 27. a6
Qd4 28. Qb7 Qd3 29. Rb1 Qa3 30. a7 Kg7 31. h3 Qd3 32. Ra1 Qe3 33. a8=Q Rxa8 34.
Qxa8 Qf4 35. Qd5 Qe3 36. Rd1 Qf4 37. Qd3 Qh4 38. Qf3 Kf8 39. Qg4 Qf2 40. Qf3
Qc5 41. Qd3 Ke7 42. Qd5 Qb4 43. Rc1 Kf8 44. Rc7 Qe1+ 45. Kh2 Qg3+ 46. Kxg3 h5
47. Qxf7# 1-0

[Event "CYCC U14"]
[Site "Regina CAN"]
[Date "2019.07.09"]
[Round "6.108"]
[White "England, Max"]
[Black "Superceanu, Andi"]
[Result "1/2-1/2"]
[WhiteElo "2038"]
[BlackElo "1929"]
[PlyCount "58"]
[EventDate "2019.07.07"]
[EventType "swiss"]
[EventRounds "7"]
[EventCountry "CAN"]

1. e4 c5 2. Nf3 Nc6 3. d4 cxd4 4. Nxd4 g6 5. Nc3 Bg7 6. Be3 Nf6 7. Bc4 O-O 8.
Bb3 d6 9. f3 Bd7 10. Qd2 Nxd4 11. Bxd4 b5 12. h4 a5 13. a4 bxa4 14. Nxa4 h5 15.
Nb6 Rb8 16. Qxa5 e5 17. Be3 Be6 18. Bxe6 fxe6 19. Nc4 Qc8 20. Qa6 d5 21. exd5
exd5 22. Qxc8 Rfxc8 23. Nxe5 Rxb2 24. c3 Re8 25. f4 Ng4 26. Bd4 Nxe5 27. fxe5
Bxe5 28. O-O Bxd4+ 29. cxd4 Ree2 1/2-1/2

[Event "CYCC U14"]
[Site "Regina CAN"]
[Date "2019.07.09"]
[Round "6.109"]
[White "Imoo, Joshua"]
[Black "Yang, Henry"]
[Result "1-0"]
[WhiteElo "1552"]
[BlackElo "1560"]
[PlyCount "93"]
[EventDate "2019.07.07"]
[EventType "swiss"]
[EventRounds "7"]
[EventCountry "CAN"]

1. e4 e5 2. Nf3 Nc6 3. Bc4 Bc5 4. d3 h6 5. O-O Nf6 6. h3 O-O 7. c3 d6 8. Re1
Be6 9. Bb5 Bd7 10. Ba4 a6 11. Nbd2 b5 12. Bc2 Nh7 13. Nf1 f5 14. d4 exd4 15.
cxd4 Bb6 16. Bb3+ Kh8 17. e5 dxe5 18. dxe5 Bc8 19. Qxd8 Rxd8 20. e6 Ne7 21. Ng3
Bb7 22. Nh4 Rf8 23. Ngxf5 Rxf5 24. Nxf5 Nxf5 25. Bc2 Ne7 26. Be3 Bxe3 27. Rxe3
Rd8 28. Rc3 c6 29. Bxh7 Kxh7 30. Rf3 Rd6 31. Re1 Bc8 32. Rf7 Bxe6 33. Rxe7 Bxa2
34. Ra1 Bb3 35. Rxa6 Rd1+ 36. Kh2 Rd2 37. Kg3 Bd5 38. Raa7 Rxb2 39. Rxg7+ Kh8
40. Rgd7 Rb3+ 41. f3 Rb4 42. Ra8+ Bg8 43. Rdd8 c5 44. Rxg8+ Kh7 45. Rgc8 c4 46.
Ra7+ Kg6 47. Ra6+ 1-0

[Event "CYCC U14"]
[Site "Regina CAN"]
[Date "2019.07.09"]
[Round "6.111"]
[White "Qiu, Peter Yong"]
[Black "Qiu, Andrew Yu"]
[Result "0-1"]
[WhiteElo "1421"]
[BlackElo "1454"]
[PlyCount "82"]
[EventDate "2019.07.07"]
[EventType "swiss"]
[EventRounds "7"]
[EventCountry "CAN"]

1. e4 e5 2. Nf3 Nc6 3. Bc4 Bc5 4. c3 Nf6 5. d3 O-O 6. Nbd2 d6 7. a4 a5 8. Nf1
Bg4 9. Ng3 h6 10. h3 Be6 11. Bb3 Qd7 12. Bxe6 fxe6 13. Qb3 Kh7 14. O-O Bb6 15.
Re1 Kh8 16. Be3 Ba7 17. Nh4 Ne7 18. Nf3 Ng6 19. Qc2 Qf7 20. c4 c5 21. Qd2 Bb6
22. Ne2 Nh5 23. Bxh6 gxh6 24. Qxh6+ Qh7 25. Qxh7+ Kxh7 26. Ng5+ Kh6 27. Nf3
Nhf4 28. Kh2 Nxd3 29. Red1 Nxb2 30. Rxd6 Nxc4 31. Rxe6 Rae8 32. Rxe8 Rxe8 33.
Ng3 Nd6 34. Rd1 Rd8 35. Nf5+ Nxf5 36. Rxd8 Bxd8 37. exf5 Nh4 38. Kg3 Nxf3 39.
Kxf3 b5 40. Ke2 b4 41. Kd3 Kg5 0-1

[Event "CYCC U14"]
[Site "Regina CAN"]
[Date "2019.07.09"]
[Round "6.112"]
[White "Lei, Yanyu"]
[Black "Yim, Justin"]
[Result "1-0"]
[WhiteElo "1574"]
[BlackElo "931"]
[PlyCount "103"]
[EventDate "2019.07.07"]
[EventType "swiss"]
[EventRounds "7"]
[EventCountry "CAN"]

1. d4 d5 2. Nf3 Nf6 3. c4 e6 4. Nc3 Bd7 5. Bg5 Bb4 6. e3 Nc6 7. cxd5 exd5 8.
Bd3 O-O 9. O-O Bxc3 10. bxc3 h6 11. Bh4 Bg4 12. h3 Bh5 13. g4 Bg6 14. Bxg6 fxg6
15. Qb3 Rb8 16. Bxf6 Rxf6 17. Nh4 Na5 18. Qc2 Qe8 19. Kh1 Qe4+ 20. Qxe4 dxe4
21. Ng2 Rf3 22. Kh2 Rbf8 23. Nf4 g5 24. Ne6 Rxf2+ 25. Kg1 Rxf1+ 26. Rxf1 Rxf1+
27. Kxf1 c6 28. Nc5 Nc4 29. Nxb7 Nxe3+ 30. Ke2 Nd5 31. c4 Nf4+ 32. Ke3 Nxh3 33.
Nd8 Kf8 34. Nxc6 h5 35. Ne5 Ke7 36. gxh5 Kd6 37. Kxe4 Nf4 38. Nf7+ Kc6 39. Nxg5
Ne2 40. Ne6 Nc3+ 41. Ke5 Nxa2 42. Nxg7 a5 43. h6 a4 44. h7 a3 45. h8=Q Nc3 46.
Qa8+ Kd7 47. Qxa3 Nb1 48. Qd6+ Kc8 49. Ne6 Kb7 50. c5 Nc3 51. Qb6+ Ka8 52. Nc7#
1-0

[Event "CYCC U14"]
[Site "Regina CAN"]
[Date "2019.07.09"]
[Round "6.113"]
[White "Yoker, Callum"]
[Black "Taylor, Joey"]
[Result "1-0"]
[WhiteElo "1344"]
[BlackElo "995"]
[PlyCount "75"]
[EventDate "2019.07.07"]
[EventType "swiss"]
[EventRounds "7"]
[EventCountry "CAN"]

1. d4 Nc6 2. e4 e5 3. d5 Na5 4. a3 d6 5. b4 Nf6 6. Bd3 Ng4 7. bxa5 Qh4 8. Nh3
Be7 9. Qf3 c6 10. c4 b5 11. axb6 axb6 12. Qg3 Qf6 13. Bg5 Qg6 14. Bxe7 Kxe7 15.
O-O cxd5 16. cxd5 Bd7 17. f3 Nxh2 18. Qxg6 hxg6 19. Kxh2 b5 20. Nc3 Rhb8 21.
Rfb1 b4 22. axb4 Rxb4 23. Rxa8 Rxb1 24. Bxb1 f5 25. Ra7 g5 26. Nxg5 fxe4 27.
Ncxe4 g6 28. Nf7 g5 29. Nexd6 g4 30. fxg4 e4 31. Nxe4 Ke8 32. Rxd7 Kxd7 33. g5
Ke7 34. d6+ Kxf7 35. g6+ Kxg6 36. d7 Kf5 37. d8=Q Kf4 38. Qg5# 1-0

[Event "CYCC U14"]
[Site "Regina CAN"]
[Date "2019.07.10"]
[Round "7.101"]
[White "Zhao, Ian"]
[Black "Gao, Raymond"]
[Result "1/2-1/2"]
[WhiteElo "2343"]
[BlackElo "1994"]
[PlyCount "30"]
[EventDate "2019.07.07"]
[EventType "swiss"]
[EventRounds "7"]
[EventCountry "CAN"]

1. e4 c5 2. c3 d6 3. d4 Nf6 4. Bd3 Nc6 5. Nf3 Bg4 6. d5 Ne5 7. Bb5+ Ned7 8. O-O
a6 9. Ba4 g6 10. Bf4 b5 11. Bc2 Bg7 12. Nbd2 O-O 13. Re1 Qb8 14. Rc1 Re8 15.
Qe2 b4 1/2-1/2

[Event "CYCC U14"]
[Site "Regina CAN"]
[Date "2019.07.10"]
[Round "7.102"]
[White "Huang, Patrick"]
[Black "Issani, Nameer"]
[Result "1/2-1/2"]
[WhiteElo "2234"]
[BlackElo "2248"]
[PlyCount "40"]
[EventDate "2019.07.07"]
[EventType "swiss"]
[EventRounds "7"]
[EventCountry "CAN"]

1. d4 Nf6 2. Bf4 e6 3. e3 d5 4. Nf3 Nbd7 5. c3 Be7 6. Ne5 Nxe5 7. dxe5 Nd7 8.
Nd2 f6 9. Nf3 fxe5 10. Nxe5 Nxe5 11. Bxe5 Bf6 12. Bd3 g6 13. Qa4+ c6 14. Qf4
O-O 15. Bxf6 Qxf6 16. Qxf6 Rxf6 17. f4 e5 18. O-O e4 19. Be2 h5 20. c4 Rd6
1/2-1/2

[Event "CYCC U14"]
[Site "Regina CAN"]
[Date "2019.07.10"]
[Round "7.103"]
[White "Wu, Tony"]
[Black "Xiang, Christopher"]
[Result "1-0"]
[WhiteElo "2013"]
[BlackElo "1732"]
[PlyCount "59"]
[EventDate "2019.07.07"]
[EventType "swiss"]
[EventRounds "7"]
[EventCountry "CAN"]

1. d4 Nf6 2. c4 g6 3. g3 Bg7 4. Bg2 d6 5. Nf3 O-O 6. O-O Nc6 7. d5 Nb8 8. Nd4
Nbd7 9. Nc3 a5 10. b3 Nc5 11. Bb2 e5 12. dxe6 fxe6 13. a3 e5 14. Nf3 Bd7 15. b4
axb4 16. axb4 Ne6 17. Nd5 Nxd5 18. Rxa8 Qxa8 19. Qxd5 Qc8 20. Bh3 Kh8 21. Rd1
Nd4 22. Bxd7 Nxf3+ 23. exf3 Qxd7 24. Bxe5 Qa4 25. Bxg7+ Kxg7 26. Re1 Qxb4 27.
Re7+ Kh6 28. g4 Qb1+ 29. Kg2 Qc1 30. h4 1-0

[Event "CYCC U14"]
[Site "Regina CAN"]
[Date "2019.07.10"]
[Round "7.104"]
[White "Wang, Paul"]
[Black "Windram, James"]
[Result "1-0"]
[WhiteElo "2104"]
[BlackElo "2100"]
[PlyCount "93"]
[EventDate "2019.07.07"]
[EventType "swiss"]
[EventRounds "7"]
[EventCountry "CAN"]

1. e4 c5 2. Nf3 Nc6 3. Bb5 e6 4. Bxc6 bxc6 5. d3 Ne7 6. Qe2 Ng6 7. O-O Be7 8.
b3 e5 9. Nbd2 O-O 10. Nc4 Qc7 11. Re1 Re8 12. Qd1 Bf8 13. Ne3 d6 14. Bd2 Ne7
15. Nf1 f5 16. exf5 Nxf5 17. Ng3 Be7 18. Bg5 Nxg3 19. hxg3 Bxg5 20. Nxg5 h6 21.
Ne4 Be6 22. Qe2 Rad8 23. a4 Bd5 24. Qg4 Qf7 25. Re3 Qe6 26. Qxe6+ Bxe6 27. Rae1
Bf7 28. f4 exf4 29. gxf4 Kf8 30. Kf2 Bg6 31. g4 Bxe4 32. Rxe4 Rxe4 33. dxe4 Kf7
34. Kf3 Kf6 35. Rh1 d5 36. e5+ Ke6 37. Ke3 Rh8 38. Rh5 g6 39. f5+ Kxe5 40.
fxg6+ Kf6 41. g5+ Kf5 42. g7 Re8+ 43. Kf2 Kg6 44. gxh6 Kh7 45. Kf3 Re4 46. Rg5
Kg8 47. h7+ 1-0

[Event "CYCC U14"]
[Site "Regina CAN"]
[Date "2019.07.10"]
[Round "7.105"]
[White "Landstrom, William"]
[Black "Tanaka, Tyler"]
[Result "0-1"]
[WhiteElo "1676"]
[BlackElo "2235"]
[PlyCount "137"]
[EventDate "2019.07.07"]
[EventType "swiss"]
[EventRounds "7"]
[EventCountry "CAN"]

1. e4 c5 2. Nf3 d6 3. d4 cxd4 4. Nxd4 Nf6 5. Nc3 g6 6. Bc4 Bg7 7. h3 O-O 8. O-O
Nc6 9. Be3 Bd7 10. a3 Rc8 11. Ba2 a6 12. Qd2 Qa5 13. b4 Qc7 14. Nd5 Nxd5 15.
Bxd5 Ne5 16. Bb3 Nc4 17. Qd3 Nxe3 18. Qxe3 Qc3 19. Qxc3 Rxc3 20. Rad1 Rfc8 21.
Nf3 Bb5 22. Rfe1 Bc4 23. e5 Bxb3 24. cxb3 dxe5 25. Nxe5 e6 26. Nd7 Rxb3 27. Nc5
Rxa3 28. Nxb7 Bc3 29. Re4 Ra4 30. Rc1 Ra1 31. Rxa1 Bxa1 32. Nc5 Rc6 33. Kf1 Bc3
34. Rc4 Bxb4 35. Rxb4 Rxc5 36. Rb8+ Kg7 37. Ra8 Ra5 38. Ke2 Ra3 39. g3 g5 40.
Kf1 h5 41. Kg2 a5 42. Kh2 a4 43. Ra5 Kf6 44. Kg2 Kg6 45. Ra7 h4 46. gxh4 gxh4
47. Ra8 Ra1 48. Rg8+ Kf5 49. Rg4 e5 50. Rxh4 a3 51. Ra4 a2 52. Ra7 f6 53. Ra4
e4 54. Ra6 Kg6 55. Ra3 Kg5 56. Ra8 Kf4 57. Ra3 f5 58. Ra4 Kg5 59. Ra3 f4 60.
Ra5+ Kh4 61. Ra4 f3+ 62. Kh2 Kg5 63. h4+ Kh5 64. Ra5+ Kxh4 65. Ra4 Kg5 66. Ra5+
Kf4 67. Ra4 Re1 68. Rxa2 Re2 69. Kg1 0-1

[Event "CYCC U14"]
[Site "Regina CAN"]
[Date "2019.07.10"]
[Round "7.106"]
[White "Noorali, Aahil"]
[Black "Doknjas, Neil"]
[Result "0-1"]
[WhiteElo "2078"]
[BlackElo "2102"]
[PlyCount "98"]
[EventDate "2019.07.07"]
[EventType "swiss"]
[EventRounds "7"]
[EventCountry "CAN"]

1. d4 d5 2. c4 e6 3. Nc3 Nf6 4. cxd5 exd5 5. Bg5 Be7 6. e3 O-O 7. Bd3 c6 8.
Nge2 Nbd7 9. O-O Re8 10. Qc2 Nf8 11. f3 g6 12. Bh4 Ne6 13. Bf2 b5 14. h3 b4 15.
Na4 Qa5 16. b3 Bd7 17. e4 Rac8 18. Nc5 Ng5 19. e5 Bxc5 20. dxc5 Nh5 21. f4 Ne6
22. g4 Nhxf4 23. Nxf4 Nxf4 24. Bd4 Nxh3+ 25. Kh2 Ng5 26. Qf2 Qd8 27. Kh1 Bxg4
28. Qf4 Bf3+ 29. Kh2 Ne6 30. Qxf3 Qh4+ 31. Kg2 Qg5+ 32. Kh2 Qh4+ 33. Kg2 Qg5+
34. Kh2 Nxd4 35. Qxf7+ Kh8 36. Rae1 Qh4+ 37. Kg2 Qg4+ 38. Kh2 Rf8 39. Qxf8+
Rxf8 40. Rxf8+ Kg7 41. Ref1 Qh5+ 42. Kg2 Qg5+ 43. Kh1 Qh6+ 44. Kg2 Qd2+ 45. Kg3
Qxd3+ 46. Kg4 h5+ 47. Kh4 g5+ 48. Kxh5 Qh3+ 49. Kxg5 Ne6# 0-1

[Event "CYCC U14"]
[Site "Regina CAN"]
[Date "2019.07.10"]
[Round "7.107"]
[White "Chakkoli, Anirud"]
[Black "England, Max"]
[Result "0-1"]
[WhiteElo "1726"]
[BlackElo "2038"]
[PlyCount "88"]
[EventDate "2019.07.07"]
[EventType "swiss"]
[EventRounds "7"]
[EventCountry "CAN"]

1. e4 e5 2. Nf3 Nc6 3. Bb5 a6 4. Ba4 Nf6 5. O-O Be7 6. Re1 b5 7. Bb3 d6 8. c3
O-O 9. h3 Na5 10. Bc2 c5 11. d4 Qc7 12. Nbd2 Bd7 13. Nf1 Rac8 14. d5 Nb7 15. a4
c4 16. axb5 axb5 17. Be3 Ra8 18. Qe2 Nc5 19. Bxc5 Qxc5 20. Ng3 Ra7 21. Rxa7
Qxa7 22. Nh4 g6 23. Nf3 Ra8 24. b4 cxb3 25. Bxb3 Qc5 26. Qb2 Rc8 27. Re3 Bd8
28. Nh2 Ba5 29. Qe2 Qa3 30. Qf3 Ne8 31. Ng4 Bxg4 32. Qxg4 Qc1+ 33. Kh2 Rxc3 34.
Nf5 Rxe3 35. Nh6+ Kf8 36. Nxf7 Rxh3+ 37. Kxh3 Kxf7 38. Qe6+ Kf8 39. Qd7 Qc3+
40. f3 Qxb3 41. Qxh7 Qe3 42. Qxg6 Qf4 43. Qh7 Be1 44. Qh5 Qg3# 0-1

[Event "CYCC U14"]
[Site "Regina CAN"]
[Date "2019.07.10"]
[Round "7.108"]
[White "Superceanu, Andi"]
[Black "Imoo, Joshua"]
[Result "1/2-1/2"]
[WhiteElo "1929"]
[BlackElo "1552"]
[PlyCount "153"]
[EventDate "2019.07.07"]
[EventType "swiss"]
[EventRounds "7"]
[EventCountry "CAN"]

1. e4 e5 2. Nf3 Nf6 3. Nxe5 d6 4. Nf3 Nxe4 5. Nc3 Nxc3 6. dxc3 Be7 7. Be3 O-O
8. Qd2 Nd7 9. O-O-O Ne5 10. Kb1 c6 11. h4 Be6 12. Ng5 Bxg5 13. hxg5 Qa5 14. b3
Bf5 15. Be2 Rfd8 16. f3 b5 17. g4 Be6 18. Rdg1 Bc4 19. bxc4 bxc4 20. Ka1 d5 21.
f4 Ng6 22. Bf3 d4 23. cxd4 c3 24. Qd3 Qa3 25. Rb1 Rab8 26. Qc4 Rb2 27. Qb3 Rxb3
28. Rxb3 Qe7 29. Bf2 Nxf4 30. Rxc3 Qb4 31. Rb3 Qa4 32. Rhb1 g6 33. c3 Qa5 34.
Bg3 Ne6 35. Be5 Nf8 36. Bf6 Rc8 37. R1b2 Qa6 38. Be2 Qa5 39. Kb1 Qd5 40. a3 Nd7
41. c4 Qh1+ 42. Ka2 Nxf6 43. gxf6 h6 44. Bf3 Qh4 45. Rb8 Rxb8 46. Rxb8+ Kh7 47.
Bxc6 Qxf6 48. d5 Qd6 49. Rb7 Qf4 50. Kb3 Kg7 51. Kb4 Qe3 52. a4 h5 53. gxh5
gxh5 54. c5 Qd4+ 55. Kb5 Qd3+ 56. Ka5 Qc3+ 57. Kb5 a6+ 58. Kb6 Qb4+ 59. Kc7
Qxc5 60. d6 Qa5+ 61. Kd7 Qf5+ 62. Kc7 Qe5 63. Rb6 h4 64. Rxa6 h3 65. Rb6 h2 66.
Rb5 Qf4 67. a5 Qc4 68. Rh5 Qa6 69. Rxh2 Qxa5+ 70. Kb7 Qb4+ 71. Kc7 Qa5+ 72. Kd7
Qa7+ 73. Ke8 Qb8+ 74. Kd7 Qa7+ 75. Kc8 Qa6+ 76. Kc7 Qa5+ 77. Kd7 1/2-1/2